New cutting edge: Started student’s book

Sparad:
Bibliografiska uppgifter
Materialtyp: Bok
Publicerad: 2002
Taggar: Lägg till en tagg
Inga taggar, Lägg till första taggen!
Thư viện lưu trữ: Mạng thư viện Đại học Đà Nẵng
LEADER 00456nam a22001811a 4500
001 000037320
003 13615
005 20160412020328.0
008 160412s2002 000
082 |a 4A(07)362 
245 |a New cutting edge: Started student’s book  |c P.Moor S.Cunningham 
260 |c 2002 
OWN |a LNN 
999 |a From the UDN01 
TYP |a Monograph 
980 |a Mạng thư viện Đại học Đà Nẵng